MyGZULibrary

Rural development : (Record no. 625)

MARC details
000 -LEADER
fixed length control field 00815pam a2200277 a 4500
001 - CONTROL NUMBER
control field 2822300
003 - CONTROL NUMBER IDENTIFIER
control field GZU
005 - DATE AND TIME OF LATEST TRANSACTION
control field 20201013092352.0
008 - FIXED-LENGTH DATA ELEMENTS--GENERAL INFORMATION
fixed length control field 830113s1984 enk b 001 0 eng
010 ## - LIBRARY OF CONGRESS CONTROL NUMBER
LC control number 83000977
020 ## - INTERNATIONAL STANDARD BOOK NUMBER
International Standard Book Number 0582644437
040 ## - CATALOGING SOURCE
Original cataloging agency DLC
Transcribing agency DLC
Modifying agency DLC
-- OCoLC
043 ## - GEOGRAPHIC AREA CODE
Geographic area code d------
050 10 - LIBRARY OF CONGRESS CALL NUMBER
Classification number HN 980
Item number CHA 1983
082 00 - DEWEY DECIMAL CLASSIFICATION NUMBER
Classification number 307/.14
Edition number 19
100 1# - MAIN ENTRY--PERSONAL NAME
Personal name Chambers, Robert,
Dates associated with a name 1932-
245 10 - TITLE STATEMENT
Title Rural development :
Remainder of title putting the last first /
Statement of responsibility, etc. Robert Chambers.
260 ## - PUBLICATION, DISTRIBUTION, ETC.
Place of publication, distribution, etc. London ;
-- New York :
Name of publisher, distributor, etc. Longman,
Date of publication, distribution, etc. 1984.
300 ## - PHYSICAL DESCRIPTION
Extent [10], 246 p. ;
Dimensions 21 cm.
500 ## - GENERAL NOTE
General note Includes index.
504 ## - BIBLIOGRAPHY, ETC. NOTE
Bibliography, etc. note Bibliography: p. 219-235.
650 #0 - SUBJECT ADDED ENTRY--TOPICAL TERM
Topical term or geographic name entry element Rural poor
Geographic subdivision Developing countries.
650 #0 - SUBJECT ADDED ENTRY--TOPICAL TERM
Topical term or geographic name entry element Rural development.
906 ## - LOCAL DATA ELEMENT F, LDF (RLIN)
a 7
b cbc
c orignew
d 1
e ocip
f 19
g y-gencatlg
942 ## - ADDED ENTRY ELEMENTS (KOHA)
Source of classification or shelving scheme Library of Congress Classification
Koha item type Books
Classification part 980
Item part CHA
Call number prefix HN
Holdings
Withdrawn status Lost status Source of classification or shelving scheme Damaged status Not for loan Collection code Home library Current library Shelving location Date acquired Total Checkouts Full call number Barcode Date last seen Copy number Price effective from Koha item type Inventory number
    Library of Congress Classification     Non-fiction City Campus Library City Campus Library General Stacks 09/09/2020   HC59.7 CHA 1983 024281 09/09/2020 c.1 09/09/2020 Books  
          Non-fiction City Campus Library City Campus Library General Stacks 10/13/2020   HC59.7 CHA 1983 002212 10/13/2020 c.2 10/13/2020 Books 19802
    Library of Congress Classification     Non-fiction Mashava Campus Library Mashava Campus Library General Stacks 05/03/2021   HC59.7 CHA 1983 011507 05/03/2021 c.3 05/03/2021 Books 13306